Devinez le Pokémon #6 - Statistiques

Statistiques générales
  • Ce quiz a été pris 105 fois
  • Le résultat moyen est 15 sur 20
Statistiques - réponses
Par images Réponse % Correct
Tortipouss
98%
Wailord
95%
Étourmi
93%
Magnézone
89%
Prinplouf
88%
Cornèbre
86%
Loupio
85%
Marcacrin
85%
M. Mime
79%
Roserade
78%
Feunnec
77%
Golemastoc
77%
Togetic
77%
Séléroc
75%
Majaspic
71%
Ramboum
67%
Nucléos
62%
Angoliath
45%
Pohmotte
43%
Serpente-Eau
32%
Aucun quiz correspondant
Distribution des résultats
% des personnes avec chaque résultat
Percentile par nombre de réponses
Votre historique - résultats
Vous n’avez pas pris ce quiz